[Event "Quebec-ch U10"]
[Site "Montreal"]
[Date "2016.01.17"]
[Round "4"]
[White "Pant, Miro"]
[Black "He, Yu Xi"]
[Result "0-1"]
[WhiteElo "989"]
[BlackElo "909"]
[PlyCount "126"]
[EventDate "2016.01.15"]
[EventType "swiss"]
[EventRounds "5"]
[EventCountry "CAN"]
[SourceTitle "EXT 2017"]
[Source "ChessBase"]
[SourceDate "2016.10.25"]
[SourceVersion "1"]
[SourceVersionDate "2016.10.25"]
[SourceQuality "1"]

1. e4 c5 2. Nf3 Nc6 3. Nc3 Nf6 4. Bc4 e6 5. h3 d5 6. exd5 exd5 7. Bb5 Be7 8. Ne5 Bd7 9. Nxd7 Qxd7 10. d3 a6 11. Ba4 b5 12. Bb3 c4 13. dxc4 dxc4 14. Qxd7+ Nxd7 15. Nd5 0-0 16. Bxc4 bxc4 17. h4 Nf6 18. Nxe7+ Nxe7 19. h5 h6 20. f3 Ned5 21. g4 Nb4 22. Kd1 Rad8+ 23. Bd2 Rd5 24. Kc1 Nc6 25. Rg1 Rfd8 26. Be3 Nh7 27. f4 Nd4 28. Re1 Nf3 29. Rh1 Nd2 30. c3 Rd3 31. Bd4 Ne4 32. Kc2 Rg3 33. Rhe1 Nef6 34. b3 cxb3+ 35. axb3 Rxg4 36. Rxa6 Rxf4 37. Rg1 Rc8 38. Bxf6 Nxf6 39. Rg2 Rf3 40. c4 Rd8 41. Rg1 Rdd3 42. b4 Rc3+ 43. Kb2 Rxc4 44. b5 Rb4+ 45. Ka2 Rxb5 46. Ka1 Rxh5 47. Kb2 Rh2+ 48. Kc1 Rhf2 49. Ra8+ Kh7 50. Kd1 Rf1+ 51. Rxf1 Rxf1+ 52. Ke2 Rf5 53. Ra3 g5 54. Rf3 Rxf3 55. Kxf3 Kg6 56. Kg3 Kf5 57. Kf3 h5 58. Kg3 g4 59. Kf2 Kf4 60. Kg2 h4 61. Kf2 g3+ 62. Kg2 h3+ 63. Kf1 Kf3 0-1